Studies on soil-plant-atmosphere system in Hevea: II. Seasonal effects on water relations and yield (Record no. 48393)

MARC details
000 -LEADER
fixed length control field 00680nam a2200241Ia 4500
100 ## - MAIN ENTRY--AUTHOR NAME
Personal name Devakumar A.S.
245 #0 - TITLE STATEMENT
Title Studies on soil-plant-atmosphere system in Hevea: II. Seasonal effects on water relations and yield
260 ## - PUBLICATION, DISTRIBUTION, ETC. (IMPRINT)
Name of publisher Indian Journal of Natural Rubber Research
Year of publication 1988
300 ## - PHYSICAL DESCRIPTION
Number of Pages 45-60
650 ## - SUBJECT ADDED ENTRY--TOPICAL TERM
Topical Term Drought tolerance
650 ## - SUBJECT ADDED ENTRY--TOPICAL TERM
Topical Term Plugging index
650 ## - SUBJECT ADDED ENTRY--TOPICAL TERM
Topical Term Water relation
650 ## - SUBJECT ADDED ENTRY--TOPICAL TERM
Topical Term Yield
650 ## - SUBJECT ADDED ENTRY--TOPICAL TERM
Topical Term Yield component
700 ## - ADDED ENTRY--PERSONAL NAME
Personal name George M.J.
700 ## - ADDED ENTRY--PERSONAL NAME
Personal name Rajagopal R.
700 ## - ADDED ENTRY--PERSONAL NAME
Personal name Rao G.G.
700 ## - ADDED ENTRY--PERSONAL NAME
Personal name Rao P.S.
700 ## - ADDED ENTRY--PERSONAL NAME
Personal name Sethuraj M.R.
700 ## - ADDED ENTRY--PERSONAL NAME
Personal name Vijayakumar K.R.
942 ## - ADDED ENTRY ELEMENTS (KOHA)
Koha item type Bibliography STAF
Holdings
Withdrawn status Lost status Damaged status Not for loan Home library Current library Shelving location Date acquired Serial Enumeration / chronology Koha item type
      Bibliography RRII Library RRII Library Agronomy 09/04/2014 Volume 1, Issue 2 Bibliography STAF